Loading...
| History - American | 0 | 4 | 0 | 0 | 40 | 50 | 73.25 | 1 | 1 | 16.03 | 25.83 |
| Social Science | 0 | 3 | 0 | 0 | 30 | 70 | 71.67 | 0 | 1 | 10.48 | 20.17 |
| History - European | 0 | 3 | 0 | 2 | 30 | 105 | 109.67 | 0 | 0 | 3.35 | 10.56 |
| Mythology | 0 | 3 | 0 | 0 | 30 | 88 | 106.33 | 0 | 0 | 5.66 | 14.17 |
| Current Events | 0 | 2 | 0 | 0 | 20 | 33 | 38.00 | 1 | 2 | 46.13 | 53.89 |
| History - World | 0 | 2 | 0 | 1 | 20 | 85 | 103.00 | 0 | 1 | 3.96 | 8.50 |
| Philosophy | 0 | 2 | 0 | 0 | 20 | 84 | 95.50 | 0 | 0 | 4.27 | 8.89 |
| Other Academic | 0 | 2 | 0 | 1 | 20 | 85 | 92.00 | 0 | 0 | 18.01 | 24.07 |
| Religion | 0 | 2 | 1 | 0 | 15 | 97 | 103.00 | 0 | 1 | 2.88 | 9.50 |
| Geography | 0 | 1 | 0 | 0 | 10 | 100 | 100.00 | 0 | 1 | 23.66 | 75.00 |
| Literature - American | 0 | 1 | 0 | 1 | 10 | 148 | 148.00 | 0 | 0 | 0.07 | 0.83 |
| Science - Chemistry | 0 | 1 | 0 | 1 | 10 | 117 | 117.00 | 0 | 0 | 0.00 | 1.11 |
| Science - Other | 0 | 1 | 1 | 0 | 5 | 65 | 65.00 | 0 | 1 | 5.00 | 7.00 |
| Popular Culture | 0 | 0 | 1 | 0 | -5 | 0.00 | 0 | 0 | 0.00 | 0.00 | |
| Literature - British | 0 | 0 | 1 | 0 | -5 | 0.00 | 0 | 0 | 0.00 | 0.00 | |
| Fine Arts - Other | 0 | 0 | 1 | 0 | -5 | 0.00 | 0 | 0 | 0.00 | 0.00 |